الجيش المصري : (Record no. 21094)
[ view plain ]
| 000 -الفاتح | |
|---|---|
| حقل البيانات ثابتة الطول | 01445nam a22003015a 4500 |
| 003 - محدد رقم الضبط | |
| رقم الضبط | OSt |
| 005 - وقت وتاريخ اخر تعامل مع التسجيلة | |
| رقم الضبط | 20151129175126.0 |
| 008 - عناصر البيانات ثابتة الطول - معلومات عامة | |
| حقل البيانات ثابتة الطول | 151129s2003 ua bo gre f000 0 ara d |
| 016 ## - | |
| -- | 2003/7529 |
| 020 ## - الرقم الدولى المعيارى للكتب | |
| الرقم الدولى المعيارى للكتاب | 4775552095 |
| 040 ## - مصدر الفهرسة | |
| وكالة الفهرسة الأصلية | EG-ScBUE |
| لغة الفهرسة | ara |
| وكالة النسخ | EG-ScBUE |
| 043 ## - رمز المنطقة الجغرافية | |
| رمز المنطقة الجغرافية | f-ua--- |
| 082 04 - رقم تصنيف ديوى العشرى | |
| رقم التصنيف | 355.00962 |
| رقم المادة | ج ي ش |
| رقم الطبعة | 22 |
| 245 04 - بيان العنوان | |
| العنوان | الجيش المصري : |
| بقية العنوان | وسبعة آلاف عام من الزمان / |
| بيان المسئوليه,etc | إعداد أحمد عبد الرازق أحمد ... [آلخ.] ؛ مراجعة علي ماهر حجاب، محمد عبد الوهاب الدويك، جمال الحسانين محمد الحضري ؛ إشراف عام محمد عبد السلام السيد سعيد. |
| 260 ## - PUBLICATION, DISTRIBUTION, ETC. (IMPRINT) | |
| مكان الناشر او الموزع | [القاهرة] : |
| اسم الناشر او الموزع | وزارة الدفاع، هيئة البحوث العسكرية، |
| تاريخ النشر أو التوزيع | [2003] |
| 300 ## - الوصف المادى | |
| التعداد | 275 ص. : |
| تفاصيل ماديه اخرى للوعاء | خرائط، صور ؛ |
| أبعاد الوعاء | 36 سم. |
| 541 ## - تبصرة المصدر المباشر للتزويد | |
| مصدر التزويد | إهداء من وزارة الدفاع. |
| 650 ## - المدخل الاضافى بالموضوع-مصطلح موضوعى | |
| مصدر الرأس أو المصطلح | BUEsh |
| 651 #0 - المدخل الاضافى بالموضوع - اسم جغرافى | |
| الاسم الجغرافي | مصر |
| التقسيم الفرعي العام | الجيش |
| -- | تاريخ |
| مصدر الرأس أو المصطلح | BUEsh |
| 651 #0 - المدخل الاضافى بالموضوع - اسم جغرافى | |
| الاسم الجغرافي | مصر |
| التقسيم الفرعي العام | التاريخ الحربي. |
| مصدر الرأس أو المصطلح | BUEsh |
| 653 ## - مصطلح تكشيفى غير مقيد | |
| Resource For college | Generalities |
| Arrived date list | November2015 |
| 700 1# - المدخل الاضافى - اسم شخصى | |
| الإسم الشخصى | أحمد، أحمد عبد الرازق. |
| 700 1# - المدخل الاضافى - اسم شخصى | |
| الإسم الشخصى | حجاب، علي ماهر، |
| الدور | مراجع. |
| 700 1# - المدخل الاضافى - اسم شخصى | |
| الإسم الشخصى | الدويك، محمد عبد الوهاب، |
| الدور | مراجع. |
| 700 1# - المدخل الاضافى - اسم شخصى | |
| الإسم الشخصى | الحضري، جمال الحسانين محمد، |
| الدور | مراجع. |
| 700 1# - المدخل الاضافى - اسم شخصى | |
| الإسم الشخصى | سعيد، محمد عبد السلام السيد، |
| الدور | مشرف. |
| 942 ## - عناصر المدخل الإضافي( كوها) | |
| مصدر التصنيف او مخطط الترفيف | Dewey Decimal Classification |
| حالة التراجع | حالة الفقد | مصدر التصنيف او خطة الترفيف | حالة تلف | ليس للاعارة | المكان الدائم | المكان الحالي | موقع الترفيف | تاريخ الاكتساب | Source of acquisition | رقم الاستدعاء | الباركود | Date last seen | تبصرة غير عامة( المفوع للعناصر المفقوده) | نوع الوعاء |
|---|---|---|---|---|---|---|---|---|---|---|---|---|---|---|
| Dewey Decimal Classification | Central Library | Central Library | Ground Floor | 29/11/2015 | Donation | 355.00962 ج ي ش | 000031411 | 15/07/2025 | Donation from Ministry of Defense, Military Research Authority. | Reference (NB) | ||||
| Dewey Decimal Classification | Central Library | Central Library | Ground Floor | 29/11/2015 | Donation | 355.00962 ج ي ش | 000031410 | 15/07/2025 | Donation from Ministry of Defense, Military Research Authority. | Reference (NB) | ||||
| Dewey Decimal Classification | Central Library | Central Library | Ground Floor | 29/11/2015 | Donation | 355.00962 ج ي ش | 000031409 | 15/07/2025 | Donation from Ministry of Defense, Military Research Authority. | Reference (NB) | ||||
| Dewey Decimal Classification | Central Library | Central Library | Ground Floor | 29/11/2015 | Donation | 355.00962 ج ي ش | 000031408 | 15/07/2025 | Donation from Ministry of Defense, Military Research Authority. | Reference (NB) | ||||
| Dewey Decimal Classification | Central Library | Central Library | Ground Floor | 29/11/2015 | Donation | 355.00962 ج ي ش | 000031462 | 15/07/2025 | Donation from Ministry of Defense, Military Research Authority. | Reference (NB) |